000 00706nam a2200217 i 4500
001 92941
003 ES-MaACL
005 20230906181106.0
007 t|
008 050331s1975 sp ||||1| spa d
100 1 _aLittlejohn, James.
_972583
245 1 3 _aLa estratificación social /
_cJames Littlejohn; versión de Patricia A. Sneesby de Manjavacas; revisada por A. Mandly.
260 _aMadrid :
_bAlianza,
_c1975.
300 _a195 p. ;
_c20 cm.
490 1 _aAlianza universidad ;
_v134
700 1 _aSneesby de Manjavacas, Patricia A.
_9106957
700 1 _aMandly, A.
_975959
830 0 _aAlianza universidad ;
_v134
_9177276
852 _aES-MaACL
_jL-2111
_bR.102803
999 _c92941
_d92941